|
|
|
|
| LEADER |
00000nam0a2200000 4500 |
| 001 |
45670 |
| 005 |
20231031023954.0 |
| 010 |
|
|
|a 517005386X
|
| 010 |
|
|
|a 5-271-01689-7
|
| 035 |
|
|
|a (RuTPU)RU\TPU\book\47575
|
| 090 |
|
|
|a 45670
|
| 100 |
|
|
|a 20021215d2001 d y0rusy50 ca
|
| 101 |
0 |
|
|a rus
|
| 102 |
|
|
|a RU
|
| 105 |
|
|
|a a f 001zy
|
| 200 |
1 |
|
|a Я познаю мир
|a Тайны пиратов
|e Детская энциклопедия
|f сост. В. И. Малов
|
| 210 |
|
|
|a Москва
|c АСТ
|c Астрель
|d 2001
|
| 215 |
|
|
|a 395 с.
|
| 320 |
|
|
|a Пред.-имен. указ.: с. 386-390.
|
| 610 |
1 |
|
|a история
|
| 610 |
1 |
|
|a география
|
| 610 |
1 |
|
|a пираты
|
| 610 |
1 |
|
|a энциклопедии детские
|
| 675 |
|
|
|a 087:9(03)
|v 3
|
| 702 |
|
1 |
|a Малов
|b В. И.
|4 220
|
| 801 |
|
1 |
|a RU
|b 63413507
|c 20021215
|g PSBO
|
| 801 |
|
2 |
|a RU
|b 63413507
|c 20030121
|g PSBO
|
| 942 |
|
|
|c BK
|